000 00469nam a22001817a 4500
003 MPLRDC
005 20220104123729.0
008 210129b ||||| |||| 00| 0 eng d
082 _a415.948 CJYS
100 _a上海市嘉定县城西公社彭门大队赤脚医生等著
245 _a头痛
_c
250 _a一版一刷
260 _a
_b上海人民出版社
_c1976
300 _b
490 _a赤脚医生丛书
650 _a
942 _cBK
_o415.948 CJYS
999 _c13739
_d13729